| 000 | 01349nam0a22002891 4500 | ||
|---|---|---|---|
| 001 | v19\rc\1675328 | ||
| 005 | 20260405155855.0 | ||
| 035 | _a(NLR Aleph) 005243224 | ||
| 090 |
_a5726585 _c5726585 |
||
| 100 | _a20061002e18941894|||y0rusy50 ca | ||
| 101 | 0 | _arus | |
| 102 | _aRU | ||
| 105 | _ay z ||||| | ||
| 200 | 1 |
_aПредмет, задача и метод науки полицейского права _e[Вступ. лекция, чит. 13 окт. 1893 г. в Имп. Харьков. ун-те] _f[Соч.] [Проф.] В.Ф. Левитского |
|
| 210 |
_aХарьков _cтип. А. Дарре _d1894 |
||
| 215 |
_a25 с. _d24 |
||
| 309 | _aБез тит. л. | ||
| 311 | _aОтт. из "Зап. Имп. Харьк. ун-та". Вып. 1, 1894 г. | ||
| 488 | 0 |
_12001#$aЗаписки Императорского Харьковского университета$v1894, вып. 1 _tЗаписки Императорского Харьковского университета |
|
| 700 | 1 |
_8rus _7ca _aЛевитский _bВ. Ф. _f1854-1939 _gВладимир Фавстович _3RU\NLR\AUTH\7766608 _949536 |
|
| 801 | 2 |
_aRU _bNLR _c20081024 _2rusmarc |
|
| 801 | 0 |
_aRU _bNLR _c20061002 _gpsbo |
|
| 801 | 0 |
_aRU _bRuMoRGB _c20061002 _2psbo |
|
| 801 | 1 |
_aRU _bProSoft-M _c20061002 _2rusmarc |
|
| 852 |
_aNLR _j34.48.3.519 |
||
| 942 | _cBOOK | ||
| 980 | _aNB | ||